Acta Moraviae odborný časopis pro ekonomy, manažery a informatiky

Poslaním časopisu je podporovať aplikovaný výskum v oblasti teórie a praxe riadenia a inovácií malých a stredných podnikov v globalizujúcej sa spoločnosti a rozvoj technológií a ľudských zdrojov v malých a stredných podnikoch.

Gespeichert in:
Bibliographische Detailangaben
Format: Schriftenreihe
Sprache:Englisch
Deutsch
Russisch
Veröffentlicht: Kunovice Evropský polytechnický institut
Schlagworte:
Tags: Tag hinzufügen
Keine Tags, Fügen Sie das erste Tag hinzu!

MARC

LEADER 00000nls a2200000 4500
001 0236748
005 20240708091920.1
022 |a 2570-8511 
041 0 |a eng 
041 0 |a ger 
041 0 |a rus 
044 |a CZ 
245 1 0 |a Acta Moraviae  |b odborný časopis pro ekonomy, manažery a informatiky 
264 1 |a Kunovice  |b Evropský polytechnický institut 
520 |a Poslaním časopisu je podporovať aplikovaný výskum v oblasti teórie a praxe riadenia a inovácií malých a stredných podnikov v globalizujúcej sa spoločnosti a rozvoj technológií a ľudských zdrojov v malých a stredných podnikoch. 
610 2 0 |a riadenie podnikové 
610 2 0 |a zdroje ľudské 
610 2 0 |a technológie nové 
610 2 0 |a výskum 
610 2 0 |a vývoj 
610 2 0 |a inovácia 
610 2 0 |a podnik malý 
610 2 0 |a podnik stredný